000 00451nam a2200181Ia 4500
008 230525s9999 xx 000 0 und d
020 _a978-93-82332-08-4
082 _a530
_bKAR
100 _aManasi Karkare
_942952
245 0 _aApplied Physics-I
250 _a3
260 _aNew Delhi
_bI.K.International
_c2012
300 _aXI,242p;
500 _aQuantity Number: 1
650 _aPhysics
700 _aRajni Bahuguna
_942953
942 _cBK
999 _c61047
_d61047